000 00612nam a2200229Ia 4500
008 180523s9999 xx 000 0 und d
020 _a978-981-0697-41-9
050 _aMAIN HB 139
050 _b.S76 2009
100 _aStock, James H.
245 0 _aIntroduction to econometrics :
245 0 _bbrief edition /
245 0 _cJames H. Stock.
260 _aSingapore :
260 _bPearson Education South Asia,
260 _c2009
300 _a379 pages :
300 _billustrations ;
300 _c23 cm.
500 _aIncludes bibliographical references and index.
650 _aEconometrics.
999 _c356751
_d356751